Normal view MARC view

Entry Uniform Title

Number of records used in: 1

001 - CONTROL NUMBER

  • control field: 5196

003 - CONTROL NUMBER IDENTIFIER

  • control field: AUA.1

005 - DATE AND TIME OF LATEST TRANSACTION

  • control field: 20111006142520.0

008 - FIXED-LENGTH DATA ELEMENTS

  • fixed length control field: 111006|||a|||||| | ||| d

040 ## - CATALOGING SOURCE

  • Original cataloging agency: AUA.1
  • Transcribing agency: AUA.1

130 ## - HEADING--UNIFORM TITLE

  • Uniform title: Bible.
  • Name of part/section of a work: N.T.
  • Name of part/section of a work: Timothy, 1st, II, 11-15
  • General subdivision: Criticism, interpretation, etc.

670 ## - SOURCE DATA FOUND

  • Source citation: Work cat.: (AUA.1)0: Kroeger, Richard Clark. 5195, I suffer not a woman :, c1992.